<?xml version="1.0" encoding="UTF-8"?>
<record
    xmlns:xsi="http://www.w3.org/2001/XMLSchema-instance"
    xsi:schemaLocation="http://www.loc.gov/MARC21/slim http://www.loc.gov/standards/marcxml/schema/MARC21slim.xsd"
    xmlns="http://www.loc.gov/MARC21/slim">

  <leader>04429    a2200241   4500</leader>
  <controlfield tag="001">178</controlfield>
  <controlfield tag="005">20260407155414.0</controlfield>
  <controlfield tag="008">260407a1998    arg                 spa d</controlfield>
  <controlfield tag="003">AR-UNSa-BCEJYS</controlfield>
  <datafield tag="040" ind1=" " ind2=" ">
    <subfield code="a">AR-UNSa-BCEJYS</subfield>
    <subfield code="b">spa</subfield>
    <subfield code="c">AR-UNSa-BCEJYS</subfield>
  </datafield>
  <datafield tag="080" ind1=" " ind2=" ">
    <subfield code="a">347.72</subfield>
    <subfield code="x">Sociedades comerciales</subfield>
  </datafield>
  <datafield tag="245" ind1="1" ind2="0">
    <subfield code="a">Manual de sociedades comerciales</subfield>
  </datafield>
  <datafield tag="020" ind1=" " ind2=" ">
    <subfield code="a">950-739-630-6</subfield>
  </datafield>
  <datafield tag="264" ind1=" " ind2="1">
    <subfield code="a">Buenos Aires :</subfield>
    <subfield code="b">Errepar</subfield>
    <subfield code="c">1998</subfield>
  </datafield>
  <datafield tag="300" ind1=" " ind2=" ">
    <subfield code="a">3 v.</subfield>
    <subfield code="c">21 cm.</subfield>
  </datafield>
  <datafield tag="505" ind1=" " ind2=" ">
    <subfield code="a">Vol. 1: 1. Caracterizaci&#xF3;n jur&#xED;dico-negocial de la sociedad 2. Personalidad jur&#xED;dica 3. El acto constitutivo 4. Contenido del instrumento constitutivo 5. Instrumentaci&#xF3;n, inscripci&#xF3;n y publicaci&#xF3;n 6. Sociedad constituida en el extranjero 7. Naturaleza y caracter&#xED;sticas de los bienes aportables 8. Bienes y derechos aportables 9. Valuaci&#xF3;n de los aportes 10. Mora en el aporte y garant&#xED;a - 11. Sociedad comercial en formaci&#xF3;n - 12. Sociedades no constituidas regularmente y de hecho - 13. R&#xE9;gimen de nulidad - 14. Sociedades entre c&#xF3;nyugues y herederos menores - 15. Participaciones en otras sociedades - 16. Inoponibilidad de la personalidad jur&#xED;dica - 17. Socio aparente, socio oculto y socio del socio - 18. Cuestiones procesales - 19. El derecho de control e informaci&#xF3;n - 20. Contabilidad societaria - 21. Normas generales de presentaci&#xF3;n - 22. Balance general o estado de situaci&#xF3;n patrimonial - 23. Estado de resultados - 24. Estado de evoluci&#xF3;n del patrimonio neto - 25. Informaci&#xF3;n complementaria - 26. Elaboraci&#xF3;n y disposici&#xF3;n de los estados contables - 27. Aprobaci&#xF3;n e impugnaci&#xF3;n de los estados contables - 28. Modificaciones contractuales - 29. Transformaci&#xF3;n - 30. Fusi&#xF3;n y escisi&#xF3;n - 31. Resoluci&#xF3;n parcial - 32. Disoluci&#xF3;n - 33. Liquidaci&#xF3;n - 34. Intervenci&#xF3;n judicial - 35. Sociedades colectivas - 36. Sociedades en comandita simple - 37. Sociedades de capital e industria Vol. 2: 38. Sociedades de responsabilidad limitada. Concepto  y caracterizaci&#xF3;n - 39. Constituci&#xF3;n - 40. Aportes societarios - 41. Nulidades, prohibiciones, incapacidades y limitaciones - 42. Administraci&#xF3;n y representaci&#xF3;n: r&#xE9;gimen general - 43. Administraci&#xF3;n y representaci&#xF3;n. El &#xF3;rgano gerencial - 44. Libros, contabilidad, estados contables y fiscalizaci&#xF3;n - 45. Reuni&#xF3;n de socios o asambleas - 46. Cambios estructurales - 47. Caracterizaci&#xF3;n jur&#xED;dico-negocial de la sociedad an&#xF3;nima - 48. Constituci&#xF3;n por acto &#xFA;nico - 49. Constituci&#xF3;n por suscripci&#xF3;n p&#xFA;blica - 50. Fundadores, promotores, suscriptores, directores y sociedades - 51. Prohibiciones, ilicitudes, irregularidades y cuestiones falenciales y tributarias - 52. Capital social y aportes - 53. Aumento del capital social - 54. Reducci&#xF3;n del capital social - 55. Acciones - 56. Dividendos - 57. Bonos de goce y de participaci&#xF3;n - 58. Obligaciones negociables y debentures - 59. Asambleas: generalidades, competencia y convocatoria - 60. Asambleas: Constituci&#xF3;n - 61. Asambleas: Deliberaci&#xF3;n - 62. Asambleas: Qu&#xF3;rum, votaci&#xF3;n y mayor&#xED;as - 63. Asambleas: Derecho de receso - 64. Asambleas: impugnaci&#xF3;n de sus decisiones - Vol. 3: 65. Directorio: Caracteres esenciales y r&#xE9;gimen actual - 66. Directorio: Condiciones para ser director - 67. Directorio: Designaci&#xF3;n, reemplazo y cesaci&#xF3;n - 68. Directorio: Funcionamiento - 70. Representaci&#xF3;n y delegaci&#xF3;n - 71. Directorio: Conflictos de intereses - 72. Directorio: R&#xE9;gimen de responsabilidad - 73. Consejo vigilancia - 74. Sindicatura: Caracteres esenciales y requisitos - 75. Sindicatura: Designaci&#xF3;n, reemplazo y cesaci&#xF3;n - 76. Sindicatura: Funcionamiento y funciones - 77. Sindicatura: R&#xE9;gimen de responsabilidad - 78. Fiscalizaci&#xF3;n estatal - 79. Sociedad an&#xF3;nima con participaci&#xF3;n estatal mayoritaria - 80. Sociedades en comandita por acciones - 81. Sociedad accidental o en participaci&#xF3;n - 82. Los contratos de colaboraci&#xF3;n empresaria - 83. Las agrupaciones de colaboraci&#xF3;n - 84. Uniones transitorias de empresas - 85. Las peque&#xF1;as y medianas empresas (PyMES) - 86. Sociedades de garant&#xED;a rec&#xED;proca - 87. Programa de propiedad participada - 88. Fondos comunes de inversi&#xF3;n - 89. Administradora de Fondos de Jubilaciones y Pensiones
</subfield>
  </datafield>
  <datafield tag="942" ind1=" " ind2=" ">
    <subfield code="c">BK</subfield>
  </datafield>
  <datafield tag="590" ind1=" " ind2=" ">
    <subfield code="a">niveau_biblio:m niveau_hierar:0</subfield>
  </datafield>
  <datafield tag="100" ind1="1" ind2=" ">
    <subfield code="a">Ver&#xF3;n, Alberto V&#xED;ctor</subfield>
  </datafield>
  <datafield tag="650" ind1=" " ind2=" ">
    <subfield code="a">LEY 19.550</subfield>
  </datafield>
  <datafield tag="856" ind1="4" ind2="1">
    <subfield code="u">https://biblioeco.unsa.edu.ar/pmb/images/libros/L117464.jpg</subfield>
    <subfield code="y">Imagen de portada</subfield>
    <subfield code="q">image/jpeg</subfield>
  </datafield>
  <datafield tag="650" ind1=" " ind2=" ">
    <subfield code="a"> ley 19 550 </subfield>
  </datafield>
  <datafield tag="999" ind1=" " ind2=" ">
    <subfield code="c">138</subfield>
    <subfield code="d">138</subfield>
  </datafield>
  <datafield tag="952" ind1=" " ind2=" ">
    <subfield code="0">0</subfield>
    <subfield code="1">0</subfield>
    <subfield code="4">0</subfield>
    <subfield code="7">0</subfield>
    <subfield code="a">BCEJYS</subfield>
    <subfield code="b">BCEJYS</subfield>
    <subfield code="c">16</subfield>
    <subfield code="d">2026-04-07</subfield>
    <subfield code="l">0</subfield>
    <subfield code="o">347.72 V547 v.1</subfield>
    <subfield code="p">L117464</subfield>
    <subfield code="r">2026-04-07 15:54:14</subfield>
    <subfield code="w">2026-04-07</subfield>
    <subfield code="y">L</subfield>
  </datafield>
  <datafield tag="952" ind1=" " ind2=" ">
    <subfield code="0">0</subfield>
    <subfield code="1">0</subfield>
    <subfield code="4">0</subfield>
    <subfield code="7">0</subfield>
    <subfield code="a">BCEJYS</subfield>
    <subfield code="b">BCEJYS</subfield>
    <subfield code="c">16</subfield>
    <subfield code="d">2026-04-07</subfield>
    <subfield code="l">0</subfield>
    <subfield code="o">347.72 V547 v.2</subfield>
    <subfield code="p">L117465</subfield>
    <subfield code="r">2026-04-07 15:54:14</subfield>
    <subfield code="w">2026-04-07</subfield>
    <subfield code="y">L</subfield>
  </datafield>
  <datafield tag="952" ind1=" " ind2=" ">
    <subfield code="0">0</subfield>
    <subfield code="1">0</subfield>
    <subfield code="4">0</subfield>
    <subfield code="7">0</subfield>
    <subfield code="a">BCEJYS</subfield>
    <subfield code="b">BCEJYS</subfield>
    <subfield code="c">16</subfield>
    <subfield code="d">2026-04-07</subfield>
    <subfield code="l">0</subfield>
    <subfield code="o">347.72 V547 v.3</subfield>
    <subfield code="p">L117466</subfield>
    <subfield code="r">2026-04-07 15:54:14</subfield>
    <subfield code="w">2026-04-07</subfield>
    <subfield code="y">L</subfield>
  </datafield>
</record>
